| Tag |
First Indicator |
Second Indicator |
Subfields |
| LEADER |
00000cam a22000008i 4500 |
| 001 |
in00004397021 |
| 008 |
200908s2021 nyu b 000 0 eng |
| 005 |
20250318214343.0 |
| 010 |
|
|
|a 2020041066
|
| 019 |
|
|
|a 1232925325
|
| 020 |
|
|
|a 9780393356113
|
| 020 |
|
|
|a 0393356116
|
| 020 |
|
|
|z 9780393356120
|q (epub)
|
| 035 |
|
|
|a (OCoLC)on1155067988
|
| 035 |
|
|
|a (OCoLC)1155067988
|z (OCoLC)1232925325
|
| 040 |
|
|
|a DLC
|b eng
|e rda
|c DLC
|d OCLCO
|d OCLCF
|d PNX
|
| 042 |
|
|
|a pcc
|
| 050 |
0 |
0 |
|a PN3383.P64
|b Z45 2021
|
| 082 |
0 |
0 |
|a 808.3/926
|2 23
|
| 100 |
1 |
|
|a Zeidner, Lisa,
|e author.
|
| 245 |
1 |
0 |
|a Who says? :
|b mastering point of view in fiction /
|c Lisa Zeidner.
|
| 250 |
|
|
|a First edition.
|
| 263 |
|
|
|a 2102
|
| 264 |
|
1 |
|a New York, N.Y. :
|b W. W. Norton & Company,
|c [2021]
|
| 300 |
|
|
|a x, 265 pages ;
|c 21 cm
|
| 336 |
|
|
|a text
|b txt
|2 rdacontent
|
| 337 |
|
|
|a unmediated
|b n
|2 rdamedia
|
| 338 |
|
|
|a volume
|b nc
|2 rdacarrier
|
| 504 |
|
|
|a Includes bibliographical references.
|
| 520 |
|
|
|a "A thorough, illuminating, and entertaining guide to crafting point of view, a fiction writer's most essential choice. Who is telling the story to whom affects everything about a work of fiction, from the style and tone to the progression of its plot. Using hundreds of examples from both classic and contemporary fiction, novelist and longtime MFA professor Lisa Zeidner reveals how even seemingly unrelated issues-like what makes a rich description, how much characters need to "grow and change" to engage us, and what distinguishes literary and commercial fiction-are ultimately tied to point of view. Who Says? is divided into chapters that explore different points of view, from omniscient and first person to second person and child narrators, and offers an original way to reread well-known authors and reconsider our own work. Engaging and accessible, Who Says? presents any practicing writer with a new system for choosing a point of view, experimenting with how those choices affect the narrative, and applying these ideas to revision"--
|c Provided by publisher.
|
| 650 |
|
0 |
|a Point of view (Literature)
|
| 650 |
|
0 |
|a Fiction
|x Technique.
|
| 650 |
|
7 |
|a Fiction
|x Technique.
|2 fast
|0 (OCoLC)fst00923755
|
| 650 |
|
7 |
|a Point of view (Literature)
|2 fast
|0 (OCoLC)fst01068103
|
| 852 |
8 |
|
|b pda,print
|z This title is available for the library to purchase for your use. Click the "Purchase It For Me" button to place a request. This item may take 5-10 business days to arrive.
|
| 955 |
|
|
|a Print PDA title
|
| 999 |
f |
f |
|s 8064db14-2e3e-461c-ae4b-9ec042ffaed3
|i 61338df3-e5fe-35e2-993b-b34ccb8cf083
|t 0
|
| 952 |
f |
f |
|a Texas A&M University
|b College Station
|c Sterling C. Evans Library
|d Purchase on Demand
|t 0
|e PN3383.P64 Z45 2021
|h Library of Congress classification
|
| 998 |
f |
f |
|a PN3383.P64 Z45 2021
|t 0
|l Purchase on Demand
|